Statistics for [Kendrick's Verse and Chorus] Money Trees - Kendrick Lamar Lyrics

Click here to take the quiz!

General Stats

  • This quiz has been taken 164 times
  • The average score is 296 of 458

Answer Stats

HintAnswer% Correct
A
97%
a
97%
I
92%
an
91%
and
90%
And
90%
me
90%
me,
90%
my
87%
x2My
87%
The
86%
the
86%
(The
86%
it
84%
it,
84%
x2It
84%
in
82%
Money
82%
money
82%
trees
82%
be
81%
x2do
81%
for
81%
That
81%
that
81%
you
81%
you,
81%
You
81%
is
80%
to
80%
just
79%
bitch
78%
feel,
78%
feel
78%
x2on
78%
x2ya
78%
get
77%
how
77%
of
77%
gun,
76%
gun
76%
that's
76%
That's
76%
x2bish?
75%
x2bish
75%
go
75%
Go
75%
forever
74%
forever)
74%
one
74%
front
72%
Halle
72%
what
72%
your
72%
all
71%
fuck
71%
lives
71%
perfect
71%
place
71%
tell
71%
way
71%
way,
71%
we
71%
x2dollar
70%
tryna
70%
might
69%
wit
69%
Berry
67%
but
67%
But
67%
day
67%
or
67%
shade
67%
Pick
66%
Uh,
66%
gon'
64%
poison,
64%
respect
64%
say
64%
shooter,
64%
shooter
64%
when
64%
Everybody
63%
lick
63%
main
63%
hallelujah
62%
x2was
61%
home
59%
Home
59%
hustlin'
59%
been
57%
x2like
57%
x2rappers
57%
know
56%
life
56%
switch
55%
with
55%
With
55%
x2signs
54%
then
54%
Then
54%
Back
53%
x2came
53%
doin'
53%
from,
53%
From
53%
million
53%
This
53%
x2Homies"
52%
turn
52%
Nah,
51%
Hit
51%
invasion
51%
lane
51%
nah,
51%
nah
51%
x2persuasive
51%
x2cool
50%
He
50%
house
50%
Dreams
49%
livin'
49%
x2wasn't
49%
condom
48%
make
48%
x2never
48%
x2bros
47%
come
47%
its
47%
rich
47%
five
46%
Gang
46%
nine
46%
out
46%
them
46%
x2free
45%
x2knew
45%
canals
44%
Through
44%
vacant,
44%
alleyways,
43%
x2school
43%
at
42%
"Big
42%
fucked
42%
had
42%
new
42%
silver
42%
spoon
42%
Ballin'
41%
reality,
41%
x2see
41%
up,
41%
easy
40%
x2mind
40%
Sherane
40%
They
40%
us
40%
went
40%
window,
40%
x2jerkin'
38%
lookin'
37%
our
37%
wrappers
37%
hood
36%
lifestyle
36%
x2pain
36%
x2rational
36%
Two
36%
x2ease
35%
x2gold
35%
Louis
35%
only
35%
x2pot
35%
said
35%
x2same
35%
x2after
34%
x2head
34%
rhymin',
34%
thing
34%
tour,
34%
uncle
34%
Bump
33%
car,
33%
crash
33%
I'll
33%
x2"Let
33%
x2skirtin'
33%
x2Tony
33%
bullets
32%
x2Burn"
32%
E-40
32%
nobody
32%
poor,
32%
Stevens
32%
x2thinkin'
32%
Top
31%
start
30%
verse
30%
Another
29%
belt
29%
Earl
29%
freeze
29%
Hot
29%
Pull
29%
Usher
29%
war,
29%
I'ma
28%
purchase
28%
Ramen,
28%
revenue
28%
sauce
28%
casualty
27%
offend
27%
Raymond
27%
Burgers
26%
Hopin'
26%
Park
26%
reverend
23%
Church's,
22%
'em
22%
x2Pirellis
20%
n****s
15%

Score Distribution

Percentile by Number Answered

Percent of People with Each Score

Your Score History

You have not taken this quiz